000 00605nam a2200241Ia 4500
003 OSt
005 20221005120221.0
006 a|||||r|||| 00| 0
007 ta
008 221004b |||||||| |||| 00| 0 mal d
024 _a58623
037 _cTextual
040 _aCRL
_cCRL
_bmal
041 _2mal
_amal
082 _aO32,6NKBNx, J1
100 _aNair Bhaskaran
_9581845
245 0 _aDhanya vadam
260 _c1951
300 _a146p.
_ccm.
650 _aMALAYALAM LITERATURE
_938866
942 _hO32,6NKBNx, J1
_cTEXL
_2cc
999 _c1037244
_d1037244